| 000 | 00633nam a2200205 a 4500 | ||
|---|---|---|---|
| 001 | 000998604 | ||
| 003 | AM-YeHGA | ||
| 005 | 20250617161420.0 | ||
| 008 | 140117s1947 r 000 0 rus d | ||
| 040 | _aAM-YeHGA | ||
| 041 | 0 | _arus | |
| 100 | 1 | _aМонгайт, А. | |
| 245 | 1 | 0 |
_aМуром / _cА. Монгайт ; ИИТА. |
| 260 |
_aМосква : _bИзд-во АА ССР, _c1947. |
||
| 300 | _a30 с. | ||
| 440 | 0 | _aСокровища русского зодчества | |
| 650 | 1 | 4 | _aАрхитектура |
| 710 | 2 | _aИнтститут истории и теории архитектуры | |
| 090 | _c474433 | ||
| 999 |
_c471176 _d471176 |
||